000 01281cam a22003371 4500
001 e 38000084
003 DLC
005 20260227111227.0
008 780724s1937 miua b 001 0 eng
010 _ae 38000084
035 _a(OCoLC)4078669
040 _aDLC
_cInMuB
_dOCoLC
_dDLC
042 _apremarc
043 _an-us-mi
050 0 0 _aQL162
_b.B3 no. 307
051 _aF566
_b.M6585
110 1 _aMichigan.
_bDepartment of Public Instruction.
245 1 0 _aMichigan today;
_bits human and physical resources as they affect education.
_cPublished by Eugene B. Elliott, superintendent of public instruction.
260 _aLansing, Mich.,
_c1937.
300 _a301 p.
_billus.
_c24 cm.
490 0 _aBulletin
_vno. 307
500 _aAt head of title: State of Michigan. Department of Public Instruction.
500 _a"Third publication of major scope ... in the Michigan program of curriculum revision."--Foreword.
500 _aPrepared by a committee, George H. Fern, chairman. cf. [p. 4]
500 _a"Helpful reading" at the end of each chapter except chapter 11.
504 _a"General bibliography": p. [277]-284.
651 0 _aMichigan.
650 0 _aEducation
_zMichigan.
650 0 _aEducation
_zMichigan
_xCurricula.
700 1 _aFern, George F.
999 _c21577
_d21577